Iuris dictio
Uloženo v:
| Hlavní autor: | |
|---|---|
| Médium: | Kniha |
| Jazyk: | španělština |
| Vydáno: |
Santiago
Jurídica de Chile
1992
|
| Témata: | |
| Tagy: |
Přidat tag
Žádné tagy, Buďte první, kdo vytvoří štítek k tomuto záznamu!
|
MARC
| LEADER | 00000nam a2200000 a 4500 | ||
|---|---|---|---|
| 001 | UCP2907 | ||
| 003 | CL-VaPUC | ||
| 008 | 990604e19920000CL |||||||||||||||||spa|d | ||
| 082 | 0 | 4 | |a 340.5 |b CER |2 21 |
| 100 | 0 | |a Cerda Fernández, Carlos |e author |9 429891 | |
| 245 | 1 | 0 | |a Iuris dictio |
| 300 | |a 347 p | ||
| 942 | |c BK | ||
| 945 | |d 19990604 00:00:00 |a rbrito | ||
| 260 | |a Santiago |b Jurídica de Chile |c 1992 | ||
| 650 | 0 | |a Jurisdicción |9 255090 | |
| 650 | 7 | |a JUEZ |2 CL-VaPUC |9 394346 | |
| 650 | 0 | |a Interpretación |9 258846 | |
| 650 | 0 | |a Derecho constitucional |9 222588 | |
| 650 | 0 | |a Informática |9 260044 | |
| 583 | |a last modification |c 19990604 00:00:00 |k Rodrigo Vera | ||
| 999 | |c 281371 |d 281369 | ||
| 952 | |0 0 |1 0 |4 0 |6 340_500000000000000_CER_1992 |7 0 |8 A |9 322086 |a BIBDER |b BIBDER |d 2019-11-20 |i 3506622 |l 1 |m 6 |o 340.5 CER 1992 |p 3506622 |q 2025-12-31 |r 2020-02-27 |s 2020-02-27 |w 2019-11-20 |y BK |k DER | ||
| 952 | |0 0 |1 0 |4 0 |6 340_500000000000000_CER_1992 |7 0 |8 A |9 322087 |a BIBDER |b BIBDER |d 2019-11-20 |i 3739511 |o 340.5 CER 1992 |p 3739511 |r 2023-01-25 |w 2019-11-20 |y BK |k DER | ||